Catálogo público

Ciencia de la leche: principios de la técnica lechera / (Record no. 164245)

MARC details
000 -CABECERA
campo de control de longitud fija 00830nam a2200289Ia 4500
001 - NÚMERO DE CONTROL
campo de control Z_1161
003 - IDENTIFICADOR DEL NÚMERO DE CONTROL
campo de control CHAP
005 - FECHA Y HORA DE LA ÚLTIMA TRANSACCIÓN
campo de control 20240222142537.0
008 - DATOS DE LONGITUD FIJA--INFORMACIÓN GENERAL
campo de control de longitud fija 220113s1970 xx 000 0 und d
010 ## - NÚMERO DE CONTROL DE LA BIBLIOTECA DEL CONGRESO
Número de control de LC 164245
020 ## - NÚMERO INTERNACIONAL ESTÁNDAR DEL LIBRO
Número Internacional Estándar del Libro 968-26-1182-2
040 ## - FUENTE DE LA CATALOGACIÓN
Centro/agencia transcriptor CHAP
082 ## - NÚMERO DE LA CLASIFICACIÓN DECIMAL DEWEY
Número de clasificación 637.1 A53y
100 ## - ENTRADA PRINCIPAL--NOMBRE DE PERSONA
Nombre de persona Alais, Charles
9 (RLIN) 3304
245 ## - MENCIÓN DE TÍTULO
Título Ciencia de la leche: principios de la técnica lechera /
Mención de responsabilidad, etc. por Charles Alais
260 ## - PUBLICACIÓN, DISTRIBUCIÓN, ETC.
Lugar de publicación, distribución, etc. México :
Nombre del editor, distribuidor, etc. CECSA,
Fecha de publicación, distribución, etc. 1970
300 ## - DESCRIPCIÓN FÍSICA
Extensión 594 p. :
Otras características físicas ilus
500 ## - NOTA GENERAL
Nota general Traducción de: Science du lait: principes des techniques Laitieres, 2 ed. de 1970?
503 ## - NOTA DE HISTORIA BIBLIOGRÁFICA (BK CF MU) [OBSOLETO]
Nota de historia bibliográfica 128815 , C/E, 195332,195334,195335
650 ## - PUNTO DE ACCESO ADICIONAL DE MATERIA--TÉRMINO DE MATERIA
Término de materia o nombre geográfico como elemento de entrada Industria lechera
9 (RLIN) 57819
650 ## - PUNTO DE ACCESO ADICIONAL DE MATERIA--TÉRMINO DE MATERIA
Término de materia o nombre geográfico como elemento de entrada Leche
Subdivisión general Producción I. t.
9 (RLIN) 138048
901 ## - ELEMENTOS DE DATOS A LOCAL LDA (RLIN)
a 637.1 A53Y
902 ## - ELEMENTOS DE DATOS B LOCAL, LDB (RLIN)
a M
910 ## - DATOS DE OPCIÓN DEL USUARIO (OCLC)
Datos de opción del usuario 1988
942 ## - ELEMENTOS DE PUNTO DE ACCESO ADICIONAL (KOHA)
Tipo de ítem Koha Libro_
Fuente del sistema de clasificación o colocación Dewey Decimal Classification
942 ## - ELEMENTOS DE PUNTO DE ACCESO ADICIONAL (KOHA)
Fuente del sistema de clasificación o colocación Dewey Decimal Classification
Holdings
Estado de retiro Estado de pérdida Fuente del sistema de clasificación o colocación Estado dañado No para préstamo Código de colección Localización permanente Ubicación/localización actual Ubicación en estantería Fecha de adquisición Código de barras Fecha visto por última vez Número de copia Precio válido a partir de Tipo de ítem Koha Total de préstamos Signatura topográfica completa Fecha del último préstamo Renovaciones totales
    Dewey Decimal Classification     General Zootecnia Zootecnia   22/08/2011 z_0356 18/01/2022 12 18/01/2022 Libro        
    Dewey Decimal Classification   Excluido de préstamo General Zootecnia Zootecnia   26/04/2006 z_1122 03/10/2023 8 18/01/2022 Libro 1 637.1 A53y 03/10/2023  
    Dewey Decimal Classification     General Zootecnia Zootecnia   26/04/2006 z_1123 18/01/2022 2 18/01/2022 Libro        
    Dewey Decimal Classification     General Zootecnia Zootecnia   26/04/2006 z_1124 18/01/2022 3 18/01/2022 Libro        
    Dewey Decimal Classification     General Zootecnia Zootecnia   26/04/2006 z_1125 18/01/2022 4 18/01/2022 Libro        
    Dewey Decimal Classification     General Zootecnia Zootecnia   26/04/2006 z_1126 18/01/2022 5 18/01/2022 Libro        
    Dewey Decimal Classification     General Zootecnia Zootecnia   26/04/2006 z_1810 18/01/2022 6 18/01/2022 Libro        
    Dewey Decimal Classification     General Zootecnia Zootecnia   26/04/2006 z_2826 21/10/2024 7 18/01/2022 Libro 3   11/10/2024 3
    Dewey Decimal Classification     General Zootecnia Zootecnia   26/04/2006 z_2828 18/01/2022 9 18/01/2022 Libro        
    Dewey Decimal Classification     General Zootecnia Zootecnia   26/04/2006 z_2829 18/01/2022 10 18/01/2022 Libro        
    Dewey Decimal Classification     General Zootecnia Zootecnia   26/04/2006 z_2830 09/10/2024 11 18/01/2022 Libro 1   09/10/2024  
    Dewey Decimal Classification     General Zootecnia Zootecnia   26/04/2006 z_5257 18/01/2022 1 18/01/2022 Libro